000 02072nam0a2200409 4500
001 RU\NLR\BIBL_A\012338017
005 20201002153709.0
010 _a978-5-16-015828-0
_9500
021 _aRU
_bКН-П-20-029784
_9КН-П-20-2292
035 _a(NLR Aleph) 012338017
035 _a(RuMoRGB)010341084
090 _a11505578
_c11505578
100 _a20200915d2020 u y0rusy50 ca
101 0 _arus
102 _aRU
105 _ay z 000zy
181 0 _ai
_baxxe
182 0 _an
200 1 _aСоциальное прогнозирование и проектирование
_eучебное пособие по гуманитарным направлениям подготовки (квалификация (степень) "бакалавр")
_fР. В. Леньков
203 _aТекст
_bвизуальный
_cнепосредственный
205 _a3-е изд., перераб. и доп.
210 _aМосква
_cИНФРА-М
_d2020
215 _a187, [1] с.
_cтабл.
_d22
225 1 _aВысшее образование - Бакалавриат
225 1 _aБакалавриат
300 _aНа 4-й с. обл. авт.: Леньков Р. В., канд. экон. наук, доц.
300 _aНа тит. л. и обл.: Государственный университет управления - 100 лет
320 _aБиблиогр.: с. 180-182 (29 назв.)
606 1 _aСоциальное прогнозирование
_jУчебные издания для высших учебных заведений
_2nlr_sh1
_2nlr_sh2
_3RU\NLR\AUTH\66904249
606 1 _aСоциальное проектирование
_jУчебные издания для высших учебных заведений
_2nlr_sh1
_2nlr_sh2
_3RU\NLR\AUTH\661300647
686 1 _aС550.373.11я73
700 1 _aЛеньков
_bР. В.
_gРоман Викторович
_3RU\NLR\AUTH\77126447
942 _cBOOK
980 _aNBR
980 _aNB